[Event "2nd American Continental"]
[Site "Buenos Aires ARG"]
[Date "2003.08.19"]
[Round "3"]
[White "Huertas Soris, Ramon"]
[Black "Jorge, Cristian"]
[Result "1/2-1/2"]
[WhiteElo "2288"]
[BlackElo "2148"]
[EventDate "2003.08.17"]
[PlyCount "86"]

1.e4 Nf6 2.e5 Nd5 3.c4 Nb6 4.d4 d6 5.exd6 cxd6 6.Nc3 g6 7.Be2 Bg7 8.Be3 
O-O 9.Rc1 Nc6 10.d5 Ne5 11.b3 Ned7 12.Nf3 Nf6 13.h3 a5 14.O-O Nbd7 15.Bd3 
b6 16.Re1 Nc5 17.Bb1 Bb7 18.Bf4 Qd7 19.Nb5 Rfe8 20.Nfd4 Rad8 21.Bh2 e5 22.
dxe6 Nxe6 23.Nxe6 Rxe6 24.Rxe6 Qxe6 25.Qe1 Qc8 26.Bd3 Qc6 27.Bf1 Ne4 28.
Qe3 d5 29.cxd5 Qxd5 30.Bc4 Qd2 31.Qxd2 Rxd2 32.f3 Nc5 33.Bf4 Rd7 34.Bc7 
Ba6 35.Bxb6 Ne6 36.Be3 h5 37.Re1 Bf6 38.Bf2 Rd2 39.a4 Nf4 40.Be3 Rxg2+ 41.
Kf1 Rg3 42.Kf2 Rg2+ 43.Kf1 Rg3 1/2-1/2

[Event "2nd American Continental"]
[Site "Buenos Aires ARG"]
[Date "2003.08.19"]
[Round "3"]
[White "Iregui, Victor"]
[Black "Dorin, Mauricio"]
[Result "0-1"]
[WhiteElo "2151"]
[BlackElo "2395"]
[EventDate "2003.08.17"]
[PlyCount "64"]

1.c4 e5 2.g3 Nf6 3.Bg2 d5 4.cxd5 Nxd5 5.Nc3 Nb6 6.Nf3 Nc6 7.d3 Be7 8.Be3 
O-O 9.Qd2 f5 10.Bg5 h6 11.Bxe7 Qxe7 12.O-O Bd7 13.Nh4 Kh7 14.e3 a6 15.f4 
exf4 16.exf4 Rad8 17.d4 Nc4 18.Qf2 Qe3 19.Nf3 Be8 20.d5 Nb4 21.Nd4 Bf7 22.
Ne6 Bxe6 23.dxe6 Qxe6 24.Rfe1 Qf7 25.Re2 Nd3 26.Qa7 c6 27.Kh1 Ra8 28.Qg1 
Rae8 29.b3 Qf6 30.Rxe8 Rxe8 31.Na4 Nf2+ 32.Qxf2 Qxa1+ 0-1

[Event "2nd American Continental"]
[Site "Buenos Aires ARG"]
[Date "2003.08.19"]
[Round "3"]
[White "Ivanov, Alexander"]
[Black "Flores, Diego"]
[Result "1-0"]
[WhiteElo "2538"]
[BlackElo "2439"]
[EventDate "2003.08.17"]
[PlyCount "111"]

1.e4 d5 2.exd5 Qxd5 3.Nc3 Qa5 4.Nf3 Nf6 5.g3 Bg4 6.Bg2 c6 7.h3 Bxf3 8.Qxf3
e6 9.O-O Nbd7 10.Rb1 Be7 11.a3 Qc7 12.b4 Rb8 13.b5 c5 14.d3 b6 15.Qc6 Bd6 
16.Ne4 Nxe4 17.dxe4 Rc8 18.Qxc7 Bxc7 19.f4 f6 20.Bb2 Ke7 21.Rbe1 Rcd8 22.
e5 fxe5 23.fxe5 Rhf8 24.Rxf8 Rxf8 25.h4 g5 26.hxg5 Rf5 27.Bc1 Bxe5 28.Be4 
Bd4+ 29.Kg2 Rf2+ 30.Kh3 Rf7 31.Bf4 Be5 32.Kg4 Rg7 33.Kh5 Rf7 34.Kg4 Rg7 
35.Bc6 Bc3 36.Rd1 Ne5+ 37.Kh5 Rf7 38.Be4 Kf8 39.Rd8+ Kg7 40.Re8 Nc4 41.
Rxe6 Nxa3 42.g6 hxg6+ 43.Rxg6+ Kh8 44.Rh6+ Kg7 45.Rc6 Rxf4 46.gxf4 Nxb5 
47.Kg5 Bd2 48.Bd3 Nc3 49.Rc7+ Kf8 50.Kg6 Ke8 51.f5 Nd5 52.Bb5+ Kf8 53.Rc8+
Ke7 54.Re8+ Kd6 55.f6 Nf4+ 56.Kf5 1-0

[Event "2nd American Continental"]
[Site "Buenos Aires ARG"]
[Date "2003.08.19"]
[Round "3"]
[White "Julia, Ernesto"]
[Black "Daneri, Martin"]
[Result "1-0"]
[WhiteElo "2387"]
[BlackElo "2175"]
[EventDate "2003.08.17"]
[PlyCount "139"]

1.c4 Nf6 2.Nc3 g6 3.g3 c5 4.Bg2 Bg7 5.Nf3 Nc6 6.O-O O-O 7.d4 cxd4 8.Nxd4 
Nxd4 9.Qxd4 d6 10.Bg5 Be6 11.Qf4 Qc7 12.b3 Rfc8 13.Rac1 a6 14.Rfd1 Rab8 
15.Qd2 Qd8 16.Nd5 Nxd5 17.Bxd5 Qd7 18.Bg2 Qc7 19.Be3 b6 20.h3 Bd7 21.Kh2 
Bc6 22.Bd5 Qb7 23.a4 Rc7 24.Bxc6 Qxc6 25.Qd5 Kf8 26.Kg2 Ke8 27.Qxc6+ Rxc6 
28.Rd5 Bb2 29.Rc2 Bf6 30.Ra2 Bc3 31.Kf3 Bb4 32.g4 Bc5 33.Bd2 a5 34.Bc3 
Rcc8 35.Rad2 f6 36.Kg3 Kf7 37.f4 Rf8 38.e4 Ke6 39.Re2 Kd7 40.h4 Rf7 41.Rh2
e6 42.Rd3 h5 43.g5 fxg5 44.hxg5 Rbf8 45.Bf6 Kc6 46.f5 exf5 47.exf5 gxf5 
48.Rxh5 Rxf6 49.gxf6 Rxf6 50.Kf4 Ba3 51.Rxf5 Bc1+ 52.Ke4 Rxf5 53.Kxf5 Ba3 
54.Ke6 Bb4 55.Rd5 Ba3 56.Ke7 Bb4 57.Kd8 Bc5 58.Kc8 Be3 59.Rh5 Bf2 60.Kb8 
Bd4 61.Ka7 Be3 62.Ka6 Bc5 63.Rh8 Kc7 64.Kb5 Kb7 65.Rh7+ Kc8 66.Kc6 Kd8 67.
Rh8+ Ke7 68.Rb8 Ke6 69.Rxb6 Ke5 70.Rb5 1-0

[Event "2nd American Continental"]
[Site "Buenos Aires ARG"]
[Date "2003.08.19"]
[Round "3"]
[White "Kaidanov, Gregory"]
[Black "Pedro, Fernando"]
[Result "1/2-1/2"]
[WhiteElo "2638"]
[BlackElo "2273"]
[EventDate "2003.08.17"]
[PlyCount "120"]

1.d4 f5 2.g3 Nf6 3.Bg2 g6 4.Nh3 Bg7 5.Nf4 Nc6 6.h4 e5 7.dxe5 Nxe5 8.h5 c6 
9.c4 Qb6 10.Qc2 Qd4 11.Na3 Nfg4 12.e3 Qd6 13.Bd2 g5 14.c5 Qe7 15.h6 Bxh6 
16.Nh5 Rf8 17.f3 Nf6 18.O-O-O Qxc5 19.Bc3 Nxh5 20.Rxh5 Nf7 21.Rdh1 d5 22.
Rxh6 Nxh6 23.Rxh6 Qxe3+ 24.Qd2 Qxd2+ 25.Kxd2 Bd7 26.Rxh7 O-O-O 27.Nc2 c5 
28.Be5 f4 29.g4 Rde8 30.Bd6 Rf6 31.Bxc5 Rc6 32.Bxa7 Rxc2+ 33.Kxc2 Re2+ 34.
Kc3 Rxg2 35.Bb6 Bc6 36.Rc7+ Kb8 37.Rg7 d4+ 38.Kxd4 Kc8 39.Rc7+ Kb8 40.Rg7 
Kc8 41.Kc3 Bxf3 42.Rxg5 Rxg4 43.Rf5 Bc6 44.b4 Kd7 45.b5 Be4 46.Rf8 Rg5 47.
Rf7+ Ke6 48.Rxf4 Bf5 49.Rf2 Rg3+ 50.Kb4 Be4 51.a4 Rg5 52.Re2 Kd5 53.Rd2+ 
Ke6 54.Bc5 Bd5 55.Bd4 Rg2 56.Rd3 Be4 57.Rh3 Kd5 58.Be3 Rg4 59.Rh5+ Kd6 60.
Bd4 Bc2 1/2-1/2

[Event "2nd American Continental"]
[Site "Buenos Aires ARG"]
[Date "2003.08.19"]
[Round "3"]
[White "Leon Hoyos, Manuel"]
[Black "Zapata, Alonso"]
[Result "0-1"]
[WhiteElo "2281"]
[BlackElo "2543"]
[EventDate "2003.08.17"]
[PlyCount "58"]

1.e4 c5 2.Nf3 e6 3.d4 cxd4 4.Nxd4 a6 5.Bd3 Nf6 6.O-O Qc7 7.Qe2 d6 8.c4 Be7
9.Nc3 O-O 10.f4 Re8 11.Kh1 Nbd7 12.Bd2 g6 13.Rae1 e5 14.Nc2 exf4 15.Bxf4 
Ne5 16.h3 Be6 17.Ne3 Rac8 18.Ncd5 Bxd5 19.cxd5 Nh5 20.Bxe5 dxe5 21.Qf3 Bh4
22.d6 Qxd6 23.Qxf7+ Kh8 24.Rd1 Ng3+ 25.Kh2 Nxf1+ 26.Bxf1 Qf8 27.Qxf8+ Rxf8
28.Ng4 Bg5 29.Bd3 h5 0-1

[Event "2nd American Continental"]
[Site "Buenos Aires ARG"]
[Date "2003.08.19"]
[Round "3"]
[White "Liascovich, Lucas"]
[Black "Aguilar, Mauricio"]
[Result "1-0"]
[WhiteElo "2310"]
[BlackElo "2133"]
[EventDate "2003.08.17"]
[PlyCount "89"]

1.d4 Nf6 2.c4 g6 3.Nc3 Bg7 4.Nf3 O-O 5.Bf4 d6 6.e3 Nbd7 7.Be2 Qe8 8.h3 e5 
9.Bh2 Qe7 10.O-O e4 11.Nd2 b6 12.b4 Bb7 13.Qb3 c5 14.bxc5 dxc5 15.d5 Ne8 
16.Ndxe4 f5 17.Nd2 Nd6 18.Rfe1 Be5 19.Bxe5 Nxe5 20.Nf3 Rae8 21.Nb5 Ne4 22.
Qb2 Ng4 23.d6 Nxd6 24.hxg4 fxg4 25.Ne5 Rxf2 26.Kxf2 Qh4+ 27.Kg1 Bxg2 28.
Bd3 Qh1+ 29.Kf2 Qh2 30.Reb1 Rf8+ 31.Ke1 Qg3+ 32.Kd1 Rf2 33.Qxf2 Qxf2 34.
Nxd6 Bf3+ 35.Nxf3 gxf3 36.Ne4 Qxe3 37.Kc2 Qd4 38.Rf1 b5 39.Nd2 b4 40.Ne4 
g5 41.Rg1 h6 42.Rad1 a5 43.Kb1 a4 44.Nxg5 f2 45.Nf3+ 1-0

[Event "2nd American Continental"]
[Site "Buenos Aires ARG"]
[Date "2003.08.19"]
[Round "3"]
[White "Lopez Rebert, Pablo"]
[Black "Lujan, Carolina"]
[Result "0-1"]
[WhiteElo "2116"]
[BlackElo "2263"]
[EventDate "2003.08.17"]
[PlyCount "88"]

1.e4 c5 2.Nf3 e6 3.d4 cxd4 4.c3 dxc3 5.Nxc3 d6 6.Bc4 Ne7 7.Qe2 Ng6 8.h4 
Nc6 9.Be3 a6 10.Rd1 Qc7 11.O-O Be7 12.h5 Nge5 13.Bb3 h6 14.Nd4 Nxd4 15.
Bxd4 O-O 16.Qe3 b5 17.Qg3 Bf6 18.f4 Nd7 19.Bxf6 Nxf6 20.e5 dxe5 21.fxe5 
Nxh5 22.Qf3 Qa7+ 23.Kh2 g6 24.g4 Bb7 25.Qh3 Ng7 26.Qxh6 Qc5 27.Rd3 Qxe5+ 
28.Kg1 Ne8 29.Rh3 Qg7 30.Qg5 Nd6 31.Rf2 Ne4 32.Nxe4 Bxe4 33.Qe3 Bd5 34.Bc2
Rac8 35.Rfh2 Rc4 36.Rh8+ Qxh8 37.Rxh8+ Kxh8 38.Bd1 Rfc8 39.Be2 Rc1+ 40.Kf2
R8c2 41.Kg3 Re1 42.Qh6+ Kg8 43.Bd3 Rg1+ 44.Kf4 Rf2+ 0-1

[Event "2nd American Continental"]
[Site "Buenos Aires ARG"]
[Date "2003.08.19"]
[Round "3"]
[White "Lugo, Blas"]
[Black "Luconi, Cristian"]
[Result "1-0"]
[WhiteElo "2416"]
[BlackElo "2115"]
[EventDate "2003.08.17"]
[PlyCount "77"]

1.e4 c6 2.Nc3 d5 3.Nf3 Bg4 4.d4 e6 5.Bd3 Nd7 6.h3 Bh5 7.Bf4 Qb6 8.exd5 
Bxf3 9.Qxf3 cxd5 10.O-O-O Ngf6 11.g4 Bb4 12.Ne2 Qa5 13.a3 Be7 14.Bd2 Qc7 
15.g5 Ng8 16.h4 Rc8 17.h5 h6 18.g6 f5 19.Nf4 Nf8 20.Rhe1 Qb6 21.Nxd5 Qc6 
22.Bxf5 exf5 23.Qxf5 Kd8 24.Bf4 Bf6 25.Nxf6 Nxf6 26.d5 Qc4 27.Bd6 N8d7 28.
b3 Qc3 29.Be7+ Kc7 30.Qf4+ Kb6 31.Re6+ Rc6 32.dxc6 bxc6 33.Rd3 Qa5 34.Bb4 
Qxh5 35.Qd4+ Kb7 36.Re7 Rd8 37.Rxg7 Nd5 38.Ba5 Qg5+ 39.f4 1-0

[Event "2nd American Continental"]
[Site "Buenos Aires ARG"]
[Date "2003.08.19"]
[Round "3"]
[White "Marcolino, Antonio Claudio"]
[Black "Orsini, Antonio"]
[Result "0-1"]
[WhiteElo "2122"]
[BlackElo "2181"]
[EventDate "2003.08.17"]
[PlyCount "60"]

1.d4 Nf6 2.c4 g6 3.Nc3 Bg7 4.e4 d6 5.f4 c5 6.dxc5 Qa5 7.Bd3 Nfd7 8.Bd2 
Nxc5 9.Bc2 Nc6 10.Nf3 Bg4 11.Rb1 O-O 12.O-O Qa6 13.b4 Qxc4 14.bxc5 Qxc5+ 
15.Kh1 Bxc3 16.Bxc3 Qxc3 17.Rxb7 Rab8 18.Rxb8 Rxb8 19.Bb3 Bxf3 20.Rxf3 Qd4
21.Qe1 a5 22.h4 a4 23.Bd5 Nb4 24.f5 Nxd5 25.exd5 Qe5 26.Rf1 Rb2 27.fxg6 
hxg6 28.Qc1 Rxa2 29.Qc6 Kg7 30.Qc4 Ra1 0-1

[Event "2nd American Continental"]
[Site "Buenos Aires ARG"]
[Date "2003.08.19"]
[Round "3"]
[White "Markzon, Gregory"]
[Black "Mieles Palau, Daniel"]
[Result "0-1"]
[WhiteElo "2267"]
[BlackElo "2468"]
[EventDate "2003.08.17"]
[PlyCount "73"]

1.e4 c5 2.Nf3 Nc6 3.d4 cxd4 4.Nxd4 Nf6 5.Nc3 g6 6.Be3 Bg7 7.Bc4 O-O 8.Bb3 
a5 9.O-O a4 10.Nxa4 Nxe4 11.Nb5 Ra6 12.Re1 d6 13.Qf3 Nf6 14.h3 Bd7 15.Rad1
Na5 16.Nac3 Nxb3 17.axb3 Bc6 18.Qe2 Qd7 19.Nd4 Raa8 20.b4 Qd8 21.b5 Bd7 
22.Qf3 Rb8 23.Bg5 Re8 24.Re2 h6 25.Bc1 e6 26.Nb3 Qe7 27.Qd3 d5 28.Bf4 Ra8 
29.Be5 Rec8 30.Nd4 Qb4 31.Rb1 Ne4 32.Bxg7 Nxc3 33.Bxh6 Nxb1 34.c3 Nxc3 35.
Re5 Ne4 36.Rxe4 dxe4 37.Qxe4 0-1

[Event "2nd American Continental"]
[Site "Buenos Aires ARG"]
[Date "2003.08.19"]
[Round "3"]
[White "Mazziotti Irigoyen, Gabriel"]
[Black "Valerga, Diego"]
[Result "0-1"]
[WhiteElo "2238"]
[BlackElo "2496"]
[EventDate "2003.08.17"]
[PlyCount "82"]

1.d4 d5 2.c4 c6 3.cxd5 cxd5 4.Nf3 Nc6 5.Nc3 Nf6 6.Bf4 Ne4 7.e3 Nxc3 8.bxc3
g6 9.Bd3 Bg7 10.O-O O-O 11.Rb1 b6 12.c4 dxc4 13.Bxc4 Bb7 14.Qe2 Na5 15.Bd3
Rc8 16.Ne5 e6 17.Rfc1 Qe7 18.Nc4 Nxc4 19.Bxc4 Be4 20.Rb3 e5 21.Bxe5 Bxe5 
22.dxe5 Qxe5 23.Rbc3 Rc5 24.f3 Bb7 25.R3c2 Rfc8 26.e4 b5 27.Bb3 a5 28.Rxc5
Rxc5 29.Rxc5 Qxc5+ 30.Qf2 Qc3 31.h3 a4 32.Bd1 Bc8 33.f4 Be6 34.Bg4 Bc4 35.
f5 Qa1+ 36.Kh2 Qe5+ 37.Kg1 Kg7 38.fxg6 hxg6 39.Be2 Qa1+ 40.Kh2 Qb2 41.e5 
Qxe5+ 0-1

[Event "2nd American Continental"]
[Site "Buenos Aires ARG"]
[Date "2003.08.19"]
[Round "3"]
[White "Needleman, Alejandro"]
[Black "Novikov, Igor"]
[Result "1/2-1/2"]
[WhiteElo "2434"]
[BlackElo "2598"]
[EventDate "2003.08.17"]
[PlyCount "46"]

1.e4 c5 2.Nf3 d6 3.d4 cxd4 4.Nxd4 Nf6 5.Nc3 a6 6.Bg5 e6 7.f4 Qb6 8.Qd2 
Qxb2 9.Rb1 Qa3 10.f5 Nc6 11.fxe6 fxe6 12.Nxc6 bxc6 13.e5 dxe5 14.Bxf6 gxf6
15.Ne4 Qxa2 16.Nxf6+ Kf7 17.Rb3 Qa1+ 18.Ke2 Be7 19.Nh5 Qd4 20.Rf3+ Kg6 21.
Nf4+ Kg7 22.Nh5+ Kg6 23.Nf4+ Kg7 1/2-1/2

[Event "2nd American Continental"]
[Site "Buenos Aires ARG"]
[Date "2003.08.19"]
[Round "3"]
[White "Nogueiras Santiago, Jesus"]
[Black "Bielicki, Carlos"]
[Result "1-0"]
[WhiteElo "2521"]
[BlackElo "2289"]
[EventDate "2003.08.17"]
[PlyCount "63"]

1.c4 Nf6 2.Nc3 e6 3.e4 d5 4.e5 d4 5.exf6 dxc3 6.bxc3 Qxf6 7.Nf3 e5 8.d4 
exd4 9.Bg5 Qe6+ 10.Be2 Be7 11.cxd4 Bxg5 12.Nxg5 Qf6 13.Ne4 Qe7 14.Ng3 O-O 
15.O-O Rd8 16.Qd2 Qf6 17.Rad1 Nc6 18.d5 Ne7 19.Bd3 Nf5 20.Ne4 Qh4 21.Rfe1 
b6 22.Ng5 h6 23.Nf3 Qf6 24.Re4 Ne7 25.Rde1 Ng6 26.Re8+ Nf8 27.Qb4 Qd6 28.
Qxd6 Rxd6 29.Nd4 Bb7 30.Rxa8 Bxa8 31.Re8 Bxd5 32.Nf5 1-0

[Event "2nd American Continental"]
[Site "Buenos Aires ARG"]
[Date "2003.08.19"]
[Round "3"]
[White "Ramirez Alvarez, Alejandro"]
[Black "Manzone, Alessandro jr"]
[Result "1-0"]
[WhiteElo "2450"]
[BlackElo "2119"]
[EventDate "2003.08.17"]
[PlyCount "127"]

1.e4 c5 2.Nf3 e6 3.d4 cxd4 4.Nxd4 Qb6 5.Nb3 Nf6 6.Bd3 Nc6 7.Nc3 Be7 8.O-O 
O-O 9.Be3 Qc7 10.f4 d5 11.e5 Nd7 12.Rf3 f5 13.Rh3 Rd8 14.Bxf5 exf5 15.Nxd5
Qb8 16.Nxe7+ Nxe7 17.e6 Nc6 18.exd7 Rxd7 19.Qh5 g6 20.Qh6 b6 21.Rg3 Bb7 
22.h4 Qf8 23.Qg5 Qe7 24.h5 Qxg5 25.Rxg5 Kf7 26.Kf2 Rg8 27.Rh1 Nd8 28.hxg6+
hxg6 29.Nd4 Ne6 30.Nxe6 Kxe6 31.c3 Bd5 32.a3 Ke7 33.Bd4 Bf7 34.Rg3 Kd8 35.
Rh7 Bc4 36.Rh6 Bf7 37.Re3 Re8 38.Rxe8+ Bxe8 39.Rh8 Ke7 40.Kg3 Kf7 41.b4 
Re7 42.Kh4 Ke6 43.Kg5 Kd5 44.Be5 b5 45.a4 a6 46.a5 Re6 47.Rh7 Rc6 48.Re7 
Re6 49.Ra7 Rc6 50.Bd4 Re6 51.Kh6 Ke4 52.Kg5 Kd5 53.g3 Kc4 54.Kh6 Kb3 55.
Kg7 Kc4 56.Kf8 Kd3 57.Re7 Rxe7 58.Kxe7 Bc6 59.Kd6 Be8 60.Kc7 Kc4 61.Kb6 
Kd5 62.Kxa6 Kc6 63.Ka7 Kc7 64.Be5+ 1-0

[Event "2nd American Continental"]
[Site "Buenos Aires ARG"]
[Date "2003.08.19"]
[Round "3"]
[White "Restuccia, Francisco"]
[Black "Lida Garcia, Fernando"]
[Result "1-0"]
[WhiteElo "2239"]
[BlackElo "2130"]
[EventDate "2003.08.17"]
[PlyCount "63"]

1.e4 Nf6 2.e5 Nd5 3.d4 d6 4.c4 Nb6 5.exd6 cxd6 6.Nc3 g6 7.Bd3 Bg7 8.Nge2 
Nc6 9.d5 Ne5 10.O-O O-O 11.b3 Nxd3 12.Qxd3 Bf5 13.Qd2 a5 14.Bb2 a4 15.Nb5 
Bxb2 16.Qxb2 Bd3 17.Rae1 Bxe2 18.Qxe2 Qd7 19.Rc1 axb3 20.axb3 Ra6 21.Rfe1 
Re8 22.Rcd1 e5 23.dxe6 Rxe6 24.Qd3 Rxe1+ 25.Rxe1 d5 26.c5 Ra5 27.Nd6 Rxc5 
28.Qd4 Rc6 29.Ne8 f6 30.Nxf6+ Rxf6 31.Qxf6 Nc8 32.h4 1-0

[Event "2nd American Continental"]
[Site "Buenos Aires ARG"]
[Date "2003.08.19"]
[Round "3"]
[White "Ripari, Marcelo"]
[Black "Santos, Francisco Jose dos"]
[Result "1-0"]
[WhiteElo "2319"]
[BlackElo "2193"]
[EventDate "2003.08.17"]
[PlyCount "67"]

1.e4 c5 2.Nf3 e6 3.d4 cxd4 4.Nxd4 Nf6 5.Nc3 Bb4 6.e5 Nd5 7.Bd2 Bxc3 8.bxc3
Qc7 9.f4 a6 10.c4 Ne7 11.Bb4 Nbc6 12.Nxc6 dxc6 13.Bd6 Qa5+ 14.Qd2 Qxd2+ 
15.Kxd2 Nf5 16.Bc5 f6 17.Bd3 Nh4 18.g3 Ng6 19.exf6 gxf6 20.h4 Kf7 21.h5 
Nf8 22.g4 Nd7 23.Bd6 b6 24.g5 f5 25.Rae1 Rd8 26.g6+ Kg8 27.gxh7+ Kxh7 28.
Rxe6 Nf8 29.Re7+ Kh6 30.Be5 Ne6 31.Rg1 Rf8 32.Be2 Rd8+ 33.Ke3 Nf8 34.Bg7+ 
1-0

[Event "2nd American Continental"]
[Site "Buenos Aires ARG"]
[Date "2003.08.19"]
[Round "3"]
[White "Roselli Mailhe, Bernardo"]
[Black "Kudrin, Sergey"]
[Result "1/2-1/2"]
[WhiteElo "2440"]
[BlackElo "2538"]
[EventDate "2003.08.17"]
[PlyCount "49"]

1.e4 c5 2.Nc3 g6 3.g3 Bg7 4.Bg2 Nc6 5.d3 d6 6.f4 e5 7.Nh3 exf4 8.Bxf4 h6 
9.O-O Nge7 10.Kh1 O-O 11.Be3 Rb8 12.Nf4 b5 13.a3 a5 14.Qc1 Kh7 15.Ncd5 
Nxd5 16.Nxd5 Bb7 17.Qd2 Ne5 18.c3 Bxd5 19.exd5 Qd7 20.Bg1 h5 21.h3 Rfe8 
22.Be3 f5 23.b3 Nf7 24.a4 c4 25.Rab1 1/2-1/2

[Event "2nd American Continental"]
[Site "Buenos Aires ARG"]
[Date "2003.08.19"]
[Round "3"]
[White "Schneider, Dmitry"]
[Black "Estay Torreblanca, Oscar"]
[Result "1/2-1/2"]
[WhiteElo "2425"]
[BlackElo "2231"]
[EventDate "2003.08.17"]
[PlyCount "115"]

1.c4 e5 2.Nc3 Nf6 3.g3 Nc6 4.Bg2 g6 5.d3 Bg7 6.Nf3 d6 7.O-O O-O 8.Rb1 a5 
9.a3 Re8 10.Bg5 Ne7 11.b4 axb4 12.axb4 h6 13.Bxf6 Bxf6 14.b5 c6 15.bxc6 
bxc6 16.Ne4 Bg7 17.c5 d5 18.Nd6 Rf8 19.e4 Be6 20.Rb6 Rb8 21.Ra6 Ra8 22.Qa4
Rxa6 23.Qxa6 Qa8 24.Qxa8 Rxa8 25.Rb1 Nc8 26.Ne8 Ra5 27.Nxg7 Kxg7 28.Nxe5 
Rxc5 29.Nxc6 dxe4 30.Bxe4 Nd6 31.Bg2 Bf5 32.Rd1 Bg4 33.Re1 Rc2 34.d4 Rd2 
35.d5 Nb5 36.Ne5 Be2 37.Rc1 Nc3 38.f4 Nb5 39.Rc6 Bd1 40.Nc4 Rd4 41.Ne3 Bb3
42.Bf1 Ba4 43.f5 Rd2 44.f6+ Kh7 45.Bxb5 Bxb5 46.Rc7 g5 47.Rxf7+ Kg6 48.Rb7
Be8 49.Re7 Bf7 50.Rd7 h5 51.Rd6 Rd3 52.Kf2 Rd2+ 53.Kf3 Rd4 54.h3 g4+ 55.
hxg4 hxg4+ 56.Ke2 Kg5 57.Rc6 Kg6 58.Rd6 1/2-1/2

[Event "2nd American Continental"]
[Site "Buenos Aires ARG"]
[Date "2003.08.19"]
[Round "3"]
[White "Slipak, Sergio David"]
[Black "Scarella, Enrique Alejandro"]
[Result "1-0"]
[WhiteElo "2497"]
[BlackElo "2374"]
[EventDate "2003.08.17"]
[PlyCount "129"]

1.Nf3 Nf6 2.d4 g6 3.Bg5 Bg7 4.Nbd2 d5 5.e3 O-O 6.Be2 c5 7.c3 Qb6 8.Qb3 Nc6
9.O-O c4 10.Qa3 Re8 11.b3 cxb3 12.axb3 e5 13.Nxe5 Nxe5 14.dxe5 Rxe5 15.Nf3
Re8 16.Bxf6 Bxf6 17.Nd4 Be6 18.Bf3 Rec8 19.Rac1 Rc7 20.Nxe6 Qxe6 21.Qa5 
Qe5 22.Qxd5 Qxd5 23.Bxd5 Bxc3 24.Bxb7 Rxb7 25.Rxc3 Rab8 26.Ra1 Rxb3 27.
Rxb3 Rxb3 28.g4 Rb7 29.Kg2 f6 30.Ra6 Kg7 31.Kg3 Re7 32.h4 h6 33.Ra3 Kf7 
34.Ra6 Kg7 35.Kf3 Kf7 36.Ke2 Rd7 37.f4 Kg7 38.e4 Kf7 39.Ke3 Kg7 40.e5 fxe5
41.fxe5 Rb7 42.g5 hxg5 43.hxg5 Kf7 44.Ke4 Rb6 45.Rxa7+ Ke6 46.Ra4 Rc6 47.
Kd4 Rb6 48.Ke4 Rc6 49.Rd4 Ra6 50.Rb4 Rc6 51.Ra4 Rb6 52.Kd4 Rb1 53.Ra6+ Kf5
54.Rf6+ Kxg5 55.Rf8 Rd1+ 56.Kc5 Kh4 57.e6 Re1 58.Kd6 g5 59.e7 g4 60.e8=Q 
Rxe8 61.Rxe8 g3 62.Ke5 Kg4 63.Ke4 g2 64.Rg8+ Kh3 65.Kf3 1-0

[Event "2nd American Continental"]
[Site "Buenos Aires ARG"]
[Date "2003.08.19"]
[Round "3"]
[White "Soppe, Guillermo"]
[Black "Demaria, Juan Pablo"]
[Result "1/2-1/2"]
[WhiteElo "2467"]
[BlackElo "2242"]
[EventDate "2003.08.17"]
[PlyCount "94"]

1.Nf3 c5 2.c4 Nf6 3.Nc3 e6 4.g3 Be7 5.Bg2 O-O 6.O-O Nc6 7.d4 cxd4 8.Nxd4 
a6 9.e4 Qc7 10.Nde2 d6 11.h3 b6 12.Be3 Bb7 13.Rc1 Rac8 14.Nd5 exd5 15.cxd5
Qd7 16.dxc6 Bxc6 17.Rxc6 Rxc6 18.e5 Ne8 19.Bxc6 Qxc6 20.Nd4 Qd7 21.Qg4 
Qxg4 22.hxg4 dxe5 23.Nc6 Bd6 24.Bxb6 f5 25.gxf5 Rxf5 26.Rd1 Kf7 27.b4 Rf6 
28.Be3 Nc7 29.a4 Ke8 30.Kg2 e4 31.Bd4 Rg6 32.Be5 Kd7 33.Na5 Ke7 34.Nc4 Ne8
35.Nxd6 Nxd6 36.Rd4 Nf7 37.Rxe4 Re6 38.f4 g6 39.Kf3 h5 40.b5 axb5 41.axb5 
g5 42.Bc7 g4+ 43.Ke3 Nh6 44.Bd8+ Kd7 45.Rxe6 Kxe6 46.Bh4 Kd5 47.b6 Nf5+ 
1/2-1/2

[Event "2nd American Continental"]
[Site "Buenos Aires ARG"]
[Date "2003.08.19"]
[Round "3"]
[White "Spangenberg, Hugo"]
[Black "Malbran, Guillermo"]
[Result "0-1"]
[WhiteElo "2495"]
[BlackElo "2345"]
[EventDate "2003.08.17"]
[PlyCount "82"]

1.g3 e5 2.Bg2 Nf6 3.c4 c6 4.d4 exd4 5.Qxd4 d5 6.Nf3 Bb4+ 7.Nc3 O-O 8.cxd5 
Nxd5 9.Bd2 Be7 10.Nxd5 cxd5 11.Bc3 Bf6 12.Qd2 Nc6 13.Rd1 Be6 14.O-O Bxc3 
15.Qxc3 Rc8 16.b3 Qb6 17.Rd2 Rfd8 18.Rfd1 h6 19.h3 a5 20.Qb2 Ra8 21.Nd4 a4
22.e3 axb3 23.axb3 Nb4 24.Qb1 Ra3 25.e4 Rda8 26.Nxe6 fxe6 27.Qb2 Ra2 28.
Qe5 Nd3 29.Rxa2 Rxa2 30.Qb8+ Kh7 31.Rf1 Rxf2 32.Kh1 Rxf1+ 33.Bxf1 Nf2+ 34.
Kh2 Nxe4 35.Bg2 Qf2 36.Qe5 Nd2 37.Kh1 Nf3 38.Bxf3 Qxf3+ 39.Kg1 Qxb3 40.
Qxe6 Qxg3+ 41.Kf1 d4 0-1

[Event "2nd American Continental"]
[Site "Buenos Aires ARG"]
[Date "2003.08.19"]
[Round "3"]
[White "Tempone, Marcelo"]
[Black "Fiori, Hector"]
[Result "1-0"]
[WhiteElo "2437"]
[BlackElo "2037"]
[EventDate "2003.08.17"]
[PlyCount "25"]

1.c4 Nf6 2.g3 e6 3.d4 c5 4.Nf3 cxd4 5.Nxd4 Nc6 6.Bg2 Qb6 7.Nb5 Ne5 8.Qa4 
Bc5 9.O-O O-O 10.b4 Nxc4 11.bxc5 Qxc5 12.N1a3 Nb6 13.Qb3 1-0

[Event "2nd American Continental"]
[Site "Buenos Aires ARG"]
[Date "2003.08.19"]
[Round "3"]
[White "Toloza Soto, Pablo"]
[Black "Walsh, Hector"]
[Result "1-0"]
[WhiteElo "2374"]
[BlackElo "2156"]
[EventDate "2003.08.17"]
[PlyCount "75"]

1.e4 c5 2.Nf3 d6 3.d4 cxd4 4.Nxd4 Nf6 5.Nc3 Nc6 6.Bc4 e6 7.Be3 a6 8.Qe2 
Qc7 9.O-O-O Be7 10.Rhg1 O-O 11.g4 b5 12.g5 bxc4 13.gxf6 Bxf6 14.Qxc4 Bb7 
15.Nxc6 Qxc6 16.Qxc6 Bxc6 17.Rxd6 Rfc8 18.Bd4 Be7 19.Bxg7 Bxd6 20.Be5+ Kf8
21.Bxd6+ Ke8 22.Rg7 h5 23.Rh7 h4 24.e5 h3 25.Rxh3 Kd7 26.Rh7 Rh8 27.Rxf7+ 
Kd8 28.Ne2 Rxh2 29.Nd4 Bd5 30.Nxe6+ Bxe6 31.Rf8+ Kd7 32.Rxa8 Rxf2 33.Rxa6 
Bf5 34.Ra7+ Ke6 35.Rc7 Rf1+ 36.Kd2 Kd5 37.b3 Rf2+ 38.Kc1 1-0

[Event "2nd American Continental"]
[Site "Buenos Aires ARG"]
[Date "2003.08.19"]
[Round "3"]
[White "Urchipia, Carlos Daniel"]
[Black "Lo Presti, Roberto"]
[Result "0-1"]
[WhiteElo "2173"]
[BlackElo "2042"]
[EventDate "2003.08.17"]
[PlyCount "130"]

1.Nf3 Nf6 2.g3 e6 3.Bg2 d5 4.b3 c5 5.O-O Nc6 6.c4 dxc4 7.bxc4 Be7 8.d3 O-O
9.Nc3 Bd7 10.Rb1 b6 11.Bf4 Nh5 12.Ne5 Nxf4 13.Bxc6 Qc7 14.Bxa8 Qxe5 15.
gxf4 Qxc3 16.Bg2 Qf6 17.e3 Rd8 18.Qc2 e5 19.fxe5 Qxe5 20.Rbe1 Bf5 21.Be4 
Bh3 22.Bg2 Bf5 23.f4 Qd6 24.Be4 Bh3 25.Rf3 Bg4 26.Rff1 Bh4 27.Rb1 Bh3 28.
Rfc1 Qh6 29.Qe2 Re8 30.Qf3 Bd7 31.Rc2 Qd6 32.Qh5 Bf6 33.Qxh7+ Kf8 34.Qh5 
g6 35.Qf3 Kg7 36.Rg2 Rh8 37.Rd1 Rh4 38.Rdd2 Qf8 39.Bc6 Bh3 40.Rg3 Qh8 41.
Kh1 Qc8 42.Bb7 Qd7 43.Qd5 Qa4 44.Qf3 Qd7 45.Bc6 Qe6 46.Qd5 Qc8 47.Bb7 Qb8 
48.d4 cxd4 49.Rxd4 Be6 50.Qe4 Bf5 51.Qxf5 Bxd4 52.exd4 Qxb7+ 53.Kg1 Qe7 
54.Qc2 Rxf4 55.d5 Qc5+ 56.Kg2 Rxc4 57.Qb2+ Kg8 58.Qe5 Rc2+ 59.Kh3 Qc8+ 60.
Rg4 Qc3+ 61.Qxc3 Rxc3+ 62.Kh4 Rd3 63.Rg5 Kg7 64.Re5 Kf6 65.Re8 Rxd5 0-1

[Event "2nd American Continental"]
[Site "Buenos Aires ARG"]
[Date "2003.08.19"]
[Round "3"]
[White "Ustariz, Carlos"]
[Black "Bibiloni, Jorge Jaime"]
[Result "0-1"]
[WhiteElo "2130"]
[BlackElo "2203"]
[EventDate "2003.08.17"]
[PlyCount "66"]

1.Nf3 Nf6 2.g3 c5 3.Bg2 Nc6 4.O-O e5 5.c4 d6 6.Nc3 Be7 7.Ng5 h6 8.Nge4 
Nxe4 9.Bxe4 Bg4 10.Qa4 Qd7 11.e3 O-O 12.a3 f5 13.Bd5+ Kh8 14.b4 e4 15.f4 
Bf6 16.Bb2 g5 17.fxg5 hxg5 18.Bxe4 Be5 19.Bg2 Qg7 20.Rab1 f4 21.h3 Bf5 22.
Rbe1 Bd3 23.Rf3 cxb4 24.axb4 fxg3 25.b5 g4 26.Rf4 Rxf4 27.exf4 Bd4+ 28.Kh1
gxh3 29.bxc6 Qh6 30.cxb7 hxg2+ 31.Kxg2 Qh2+ 32.Kf3 Qf2+ 33.Kg4 Rg8+ 0-1

[Event "2nd American Continental"]
[Site "Buenos Aires ARG"]
[Date "2003.08.19"]
[Round "3"]
[White "Whatley, Andrew"]
[Black "Lanza, Diego"]
[Result "1-0"]
[WhiteElo "2323"]
[BlackElo "2067"]
[EventDate "2003.08.17"]
[PlyCount "47"]

1.d4 d5 2.Nf3 Nf6 3.Bf4 e6 4.e3 c5 5.Nbd2 Nc6 6.c3 Be7 7.Bd3 Qb6 8.Rb1 h6 
9.Ne5 Bd7 10.O-O g5 11.Bg3 h5 12.dxc5 Bxc5 13.b4 Be7 14.Nxc6 Bxc6 15.Qe2 
h4 16.Be5 h3 17.g3 Rh6 18.Bd4 Qc7 19.f4 gxf4 20.exf4 a6 21.f5 Nd7 22.Bg7 
Rh7 23.f6 Qb6+ 24.Qf2 1-0